Le stratège du nome /

محفوظ في:

المؤلف الرئيسي: Hohlwein, Nicolas, 1877-1962 (مؤلف)

التنسيق: كتاب

اللغة: French

منشور في: Bruxelles : Fondation égyptologique Reine Élisabeth, 1969.

سلاسل: Papyrologica Bruxellensia ; 9.
PapBrux ; 9.

الموضوعات:

الوسوم: إضافة وسم

لا توجد وسوم, كن أول من يضع وسما على هذه التسجيلة!

رقم الطلب: PA3339 .P2 v.9

LEADER 00981nam a22002897a 4500
003 OSt
005 20251006090822.0
008 251006t1969 be a g b 000 0 fre d
010 |a 77545541 
040 |c ARCE Library 
043 |a f-ua--- 
050 1 4 |a PA3339  |b .P2 v.9 
100 1 |a Hohlwein, Nicolas,  |d 1877-1962,  |e author  |9 32170 
245 1 3 |a Le stratège du nome /  |c Nicolas Hohlwein. 
264 1 |a Bruxelles :   |b Fondation égyptologique Reine Élisabeth,   |c 1969. 
300 |a 164 pages :  |b tables ;  |c 23 cm. 
490 1 |a Papyrologica Bruxellensia ;   |v 9. 
490 1 |a PapBrux ;   |v 9. 
500 |a "La présente réédition reproduit le texte de la plaquette de 1926 avec quelques corrections mineures." 
504 |a Includes bibliographical references. 
650 0 |a Strategi, Greek.  |9 9116 
651 0 |a Egypt  |x Officials and employees. 
830 0 |a Papyrologica Bruxellensia ;   |v 9. 
830 0 |a PapBrux ;   |v 9. 
901 |a reviewed 
942 |c BK  |2 lcc 
999 |c 22378  |d 22378